000 00260nam a2200109Ia 4500
005 20251222154312.0
008 251222s9999||||xx |||||||||||||| ||spa||
082 _aREF.909/C76
245 0 _aAtlas de la Historia Universal
264 _bEl Comercio
942 _cLIB
999 _c33428
_d33428